000 00367nam a2200145Ia 4500
008 150201s2007 xx 000 0 und d
082 _a610
_bM07C
100 _aCOOPER,DH
245 _aTHE WASHINGTON MANUAL OF MEDICAL THERAPEUTICS
250 _a32ND
260 _bWOLTER KLUWER
_aDELHI
_c2007
300 _a1-862
650 _aMEDICINE AND DIAGNOSIS
942 _2ddc
_cBK
999 _c452
_d452